000
00305 a2200133 4500
001
63601
082
_a
671 LIN
090
_c
37596
_d
37596
100
_a
Lindberg Roy A
245
_a
Processes and Materials of Manufacture
250
_a
3rd
260
_a
Boston
_b
Allyn and Bacon
_c
1983
300
_a
849p
942
_a
NUST-CAE
_k
671 LIN
999
_c
298674
_d
298674